La responsabilidad social empresaria (RSE), el desarrollo sostenible (DS) y las empresas "BIC"

Guardado en:
Detalles Bibliográficos
Autor principal: Vítolo, Daniel Roque
Formato: Desconocido
Aporte de:Registro referencial: Solicitar el recurso aquí
LEADER 00388 a2200109 4500
001 ART_49021
005 20260410161809.0
008 260409a
245 1 0 |a La responsabilidad social empresaria (RSE), el desarrollo sostenible (DS) y las empresas "BIC" 
100 1 |a Vítolo, Daniel Roque 
773 0 |t Doctrina Societaria y Concursal  |g - N° 378 (mayo 2019)  |w REV4298 
999 |c 21292  |d 21292